| 000 | 00866nam0a22002411 4500 | ||
|---|---|---|---|
| 001 | rc\2646081 | ||
| 005 | 20250529190600.0 | ||
| 035 | _a(NLR Aleph) 006953780 | ||
| 090 |
_a5272934 _c5272934 |
||
| 100 | _a20110608d1931 |||y0rusy50 ca | ||
| 101 | 0 | _arus | |
| 102 | _aRU | ||
| 105 | _ay z ||||| | ||
| 200 | 1 |
_aНационально-культурное строительство СССР и задачи ВЛКСМ _e(Тезисы к содокладу т. Давахидзе на IX съезде ВКЛСМ) |
|
| 210 |
_a[Москва] _cБ. и. _d[1931] _eМосква _gтип. изд-ва "Дер эмес" |
||
| 215 |
_a8 с. _d21×15 см |
||
| 300 | _aБез тит. л. и обл. | ||
| 700 | 1 |
_aДжавахидзе _bГ. _gГригорий |
|
| 801 | 0 |
_aRU _bNLR _gpsbo |
|
| 801 | 1 |
_aRU _bELAR _2rusmarc |
|
| 852 |
_aNLR _j31-11/35 |
||
| 942 | _cBOOK | ||
| 980 | _aNB | ||